[Event "EU-ch (Women) 24th"]
[Site "Rhodes"]
[Date "2024.04.29"]
[Round "10"]
[White "Buksa, Nataliya"]
[Black "Mammadzada, Gunay Vuqar Qizi"]
[Result "1/2-1/2"]
[WhiteElo "2394"]
[BlackElo "2436"]
[PlyCount "137"]
[EventDate "2024.04.19"]
[EventType "swiss"]
[EventRounds "10"]
[EventCountry "GRE"]
[SourceTitle "CB18_2024"]
[SourceDate "2024.05.01"]
[SourceVersion "1"]
[SourceVersionDate "2024.05.01"]
[SourceQuality "2"]

1. e4 c5 2. Nf3 d6 3. d4 cxd4 4. Nxd4 Nf6 5. Nc3 a6 6. Be3 e5 7. Nf3 Be7 8. Bc4 0-0 9. 0-0 Be6 10. Bb3 b5 11. Nd5 Nxd5 12. Bxd5 Bxd5 13. Qxd5 Nd7 14. Qd3 Qc7 15. a4 Qc6 16. c3 h6 17. Rfe1 Nf6 18. Bc1 Rfe8 19. Nh4 Bf8 20. Nf5 bxa4 21. Qc2 a3 22. Rxa3 d5 23. exd5 Nxd5 24. Ra5 Nf4 25. Bxf4 exf4 26. Rae5 Rxe5 27. Rxe5 Rd8 28. Qe2 Qa4 29. g3 g6 30. Nd4 Bg7 31. Re4 Bxd4 32. cxd4 Rxd4 33. Rxd4 Qxd4 34. Qxa6 fxg3 35. hxg3 Qxb2 36. Qa8+ Kg7 37. Qe4 h5 38. Kg2 Qf6 39. Kg1 g5 40. Kg2 Kh6 41. Qd5 g4 42. Qd2+ Kg6 43. Qd3+ Qf5 44. Qd6+ Qe6 45. Qf4 Qd5+ 46. Kg1 f6 47. Qb8 Qe4 48. Qg8+ Kh6 49. Qh8+ Kg5 50. Qg8+ Qg6 51. Qd5+ Kh6 52. Kg2 Qe8 53. Kg1 Kg7 54. Kg2 Qe5 55. Qd7+ Kg6 56. Qc8 f5 57. Qg8+ Qg7 58. Qe8+ Qf7 59. Qe5 Qf6 60. Qe8+ Kh6 61. Qe3+ Kg7 62. Qf4 Kg6 63. Qb8 f4 64. gxf4 h4 65. Qc8 Qxf4 66. Qg8+ Kh5 67. Qh7+ Kg5 68. Qg7+ Kh5 69. Qh7+ 1/2-1/2

[Event "GEO-AZE (Women) m"]
[Site "Tbilisi"]
[Date "2024.02.28"]
[Round "2"]
[White "Arabidze, Meri"]
[Black "Mammadzada, Gunay Vuqar Qizi"]
[Result "1/2-1/2"]
[WhiteElo "2461"]
[BlackElo "2449"]
[PlyCount "106"]
[EventDate "2024.02.27"]
[EventType "team-match"]
[EventRounds "5"]
[EventCountry "GEO"]
[SourceTitle "CB10_2024"]
[SourceDate "2024.03.06"]
[SourceVersion "1"]
[SourceVersionDate "2024.03.06"]
[SourceQuality "1"]
[WhiteTeam "Georgia"]
[BlackTeam "Azerbaijan"]
[WhiteTeamCountry "GEO"]
[BlackTeamCountry "AZE"]

1. Nf3 d5 2. c4 e6 3. d4 Nf6 4. Nc3 c6 5. cxd5 exd5 6. Bg5 Be7 7. Qc2 0-0 8. e3 h6 9. Bh4 Ne4 10. Bxe7 Qxe7 11. Bd3 Re8 12. 0-0 Bf5 13. Rfe1 Nd7 14. Nd2 Bg6 15. Nf1 Nxc3 16. bxc3 Bxd3 17. Qxd3 b5 18. f3 Nb6 19. e4 dxe4 20. fxe4 Qa3 21. Nd2 b4 22. Rac1 Rad8 23. Nb3 Qxa2 24. cxb4 Qa4 25. Qc3 Qb5 26. Nc5 Na4 27. Nxa4 Qxa4 28. Ra1 Qb5 29. Rxa7 Qb6 30. Qc5 Qxc5 31. dxc5 Rd4 32. Rb7 Rexe4 33. Rxe4 Rxe4 34. Kf2 f5 35. Kf3 Kh7 36. h3 h5 37. g3 Kg6 38. h4 Kf6 39. Rb6 Ke5 40. Rxc6 Rxb4 41. Rc7 Rb3+ 42. Kg2 Rb2+ 43. Kf3 Rb3+ 44. Kf2 Rb2+ 45. Ke1 g6 46. Rc6 Rc2 47. Rxg6 Rxc5 48. Rg5 Rc3 49. Kf2 Rc2+ 50. Kf3 Rc3+ 51. Kg2 Ke4 52. Rxh5 f4 53. gxf4 Kxf4 1/2-1/2

[Event "Swiss Queens Wed #4"]
[Site "FIDE Online Arena INT"]
[Date "2024.02.21"]
[Round "7"]
[White "Ambartsumova, Karina"]
[Black "Mammadzada, Gunay Vuqar Qizi"]
[Result "0-1"]
[WhiteElo "2418"]
[BlackElo "2449"]
[PlyCount "110"]
[EventDate "2024.02.21"]
[EventType "swiss (blitz)"]
[EventRounds "11"]
[EventCountry "NET"]
[SourceTitle "CB09_2024"]
[SourceDate "2024.02.28"]
[SourceVersion "1"]
[SourceVersionDate "2024.02.28"]
[SourceQuality "1"]

1. d4 d5 2. c4 c6 3. Nf3 Nf6 4. g3 g6 5. Bg2 Bg7 6. Qb3 0-0 7. Bf4 Nbd7 8. cxd5 Nxd5 9. Bd2 Qb6 10. 0-0 N7f6 11. Nc3 Qxb3 12. axb3 Bf5 13. Rfe1 Ne4 14. Nxd5 cxd5 15. Bb4 Rfe8 16. Rec1 a6 17. Rc7 Bf8 18. e3 Rab8 19. Rac1 f6 20. h3 g5 21. g4 Be6 22. Nd2 Nxd2 23. Bxd2 Red8 24. Ba5 Rd6 25. Bb4 Rb6 26. Bxe7 Rxb3 27. Bxf8 Rxf8 28. Re7 Bf7 29. Rxf7 Rxf7 30. Bxd5 Rb5 31. Bxf7+ Kxf7 32. Rc7+ Ke6 33. Rc2 Kd5 34. Kg2 Rb3 35. Kf3 b6 36. Ke2 a5 37. f3 h6 38. Kf2 Kd6 39. Ke2 b5 40. Kf2 a4 41. Ke2 b4 42. Kd2 a3 43. bxa3 bxa3 44. Ra2 Kd5 45. Ra1 Kc4 46. Kc2 Rb2+ 47. Kc1 Kb3 48. e4 a2 49. d5 Rh2 50. d6 Rh1+ 51. Kd2 Rxa1 52. d7 Rd1+ 53. Kxd1 a1Q+ 54. Kd2 Qd4+ 55. Ke2 Qxd7 0-1

[Event "Swiss Queens Wed #4"]
[Site "FIDE Online Arena INT"]
[Date "2024.02.21"]
[Round "8"]
[White "Mammadzada, Gunay Vuqar Qizi"]
[Black "Dzagnidze, Nana"]
[Result "1-0"]
[WhiteElo "2449"]
[BlackElo "2506"]
[PlyCount "93"]
[EventDate "2024.02.21"]
[EventType "swiss (blitz)"]
[EventRounds "11"]
[EventCountry "NET"]
[SourceTitle "CB09_2024"]
[SourceDate "2024.02.28"]
[SourceVersion "1"]
[SourceVersionDate "2024.02.28"]
[SourceQuality "1"]

1. e4 c5 2. Nf3 e6 3. d4 cxd4 4. Nxd4 a6 5. Bd3 Qc7 6. 0-0 Nf6 7. Qe2 d6 8. c4 Be7 9. Nc3 Nc6 10. Nxc6 bxc6 11. f4 e5 12. f5 Bb7 13. Be3 d5 14. cxd5 cxd5 15. Rac1 Qa5 16. exd5 Nxd5 17. Nxd5 Qxd5 18. Rfd1 0-0 19. f6 Bxf6 20. Bxh7+ Kxh7 21. Rxd5 Bxd5 22. Qd3+ e4 23. Qxd5 Bxb2 24. Rc2 Bf6 25. Bd4 Bxd4+ 26. Qxd4 Rae8 27. Qe3 Re6 28. Rc4 Rfe8 29. Rc7 Kg8 30. h3 Rf6 31. Rc4 Rfe6 32. a4 g6 33. h4 Kg7 34. a5 R8e7 35. Rc8 Re5 36. h5 Rxh5 37. Qd4+ Rhe5 38. Rc5 f6 39. Rxe5 Rxe5 40. Qa7+ Kh6 41. Qxa6 e3 42. Qxf6 Rxa5 43. Qh8+ Kg5 44. Qd8+ Kf4 45. Qxa5 e2 46. Qd2+ Kg4 47. Qxe2+ 1-0

[Event "Swiss Queens Wed #4"]
[Site "FIDE Online Arena INT"]
[Date "2024.02.21"]
[Round "10"]
[White "Mammadzada, Gunay Vuqar Qizi"]
[Black "Shuvalova, Polina"]
[Result "0-1"]
[WhiteElo "2449"]
[BlackElo "2455"]
[PlyCount "84"]
[EventDate "2024.02.21"]
[EventType "swiss (blitz)"]
[EventRounds "11"]
[EventCountry "NET"]
[SourceTitle "CB09_2024"]
[SourceDate "2024.02.28"]
[SourceVersion "1"]
[SourceVersionDate "2024.02.28"]
[SourceQuality "1"]

1. e4 e5 2. Nf3 Nc6 3. Bb5 a6 4. Ba4 Nf6 5. 0-0 Be7 6. Re1 b5 7. Bb3 0-0 8. c3 Na5 9. Nxe5 Nxb3 10. axb3 Bb7 11. d3 d5 12. exd5 Nxd5 13. Nd2 Bd6 14. Ndf3 f6 15. Ng4 Qd7 16. Ne3 Nf4 17. Nf1 Nxd3 18. Re3 Nf4 19. Ng3 Rad8 20. Re1 Qc6 21. Bxf4 Bxf4 22. Qc2 Rfe8 23. Qf5 Bh6 24. h4 Bc8 25. Qh5 Bf4 26. Nd4 Qd7 27. b4 Bb7 28. Ngf5 Be5 29. Re3 Qf7 30. Qg4 Kh8 31. Rae1 Bc8 32. f4 Bxd4 33. cxd4 Rxe3 34. Rxe3 g6 35. Nh6 Qf8 36. f5 Qxh6 37. Re7 Bxf5 38. Qg3 Qc1+ 39. Kh2 Rd7 40. Re8+ Kg7 41. h5 Qg5 42. Qxg5 fxg5 0-1

[Event "Swiss Queens Wed #4"]
[Site "FIDE Online Arena INT"]
[Date "2024.02.21"]
[Round "2"]
[White "Vifleemskaia, Svetlana"]
[Black "Mammadzada, Gunay Vuqar Qizi"]
[Result "0-1"]
[WhiteElo "1903"]
[BlackElo "2449"]
[PlyCount "96"]
[EventDate "2024.02.21"]
[EventType "swiss (blitz)"]
[EventRounds "11"]
[EventCountry "NET"]
[SourceTitle "CB09_2024"]
[SourceDate "2024.02.28"]
[SourceVersion "1"]
[SourceVersionDate "2024.02.28"]
[SourceQuality "1"]

1. d4 d5 2. c4 c6 3. cxd5 cxd5 4. Bf4 e6 5. Nc3 Bd6 6. Bxd6 Qxd6 7. e3 Ne7 8. Bd3 0-0 9. f4 h6 10. Nf3 b6 11. 0-0 Ba6 12. Ne5 Bxd3 13. Qxd3 f6 14. Ng6 Nxg6 15. Qxg6 Nc6 16. a3 Ne7 17. Qd3 Rfc8 18. Rac1 a6 19. Ne2 b5 20. Rxc8+ Rxc8 21. Rc1 Rc4 22. h3 Qc7 23. Rc3 Nf5 24. Kf2 Nd6 25. Ng3 Rxc3 26. bxc3 f5 27. Ne2 Qc4 28. Qxc4 Nxc4 29. Nc1 Nxa3 30. Nb3 Kf7 31. Ke2 Nc4 32. Kd3 Ke7 33. g4 a5 34. Nc1 a4 35. Na2 fxg4 36. hxg4 Nd6 37. Nb4 Ne4 38. f5 Nf2+ 39. Ke2 Nxg4 40. fxe6 Kxe6 41. Nd3 g5 42. Kf3 Nf6 43. Nc5+ Kf5 44. Nb7 g4+ 45. Ke2 Ne4 46. Nc5 a3 47. Nb3 Nxc3+ 48. Kd3 g3 0-1

[Event "Swiss Queens Wed #3"]
[Site "FIDE Online Arena INT"]
[Date "2024.02.14"]
[Round "8"]
[White "Mammadzada, Gunay Vuqar Qizi"]
[Black "Bodnaruk, Anastasia"]
[Result "0-1"]
[WhiteElo "2449"]
[BlackElo "2340"]
[PlyCount "78"]
[EventDate "2024.02.14"]
[EventType "swiss (blitz)"]
[EventRounds "11"]
[EventCountry "NET"]
[SourceTitle "CB08_2024"]
[SourceDate "2024.02.21"]
[SourceVersion "1"]
[SourceVersionDate "2024.02.21"]
[SourceQuality "1"]

1. e4 c5 2. Nf3 d6 3. d4 cxd4 4. Nxd4 Nf6 5. Nc3 a6 6. Bd3 e5 7. Nde2 Be7 8. 0-0 0-0 9. Ng3 Be6 10. Nd5 Bxd5 11. exd5 g6 12. c4 Nbd7 13. a4 a5 14. Kh1 Nc5 15. Bc2 Nfd7 16. Bh6 Re8 17. f4 Bf6 18. f5 Bg7 19. fxg6 fxg6 20. Bxg7 Kxg7 21. Nh5+ Kh8 22. Ng3 Qh4 23. Qe2 Nf6 24. Bd1 Rf8 25. Re1 e4 26. Ra3 Nd3 27. Rf1 Ng4 28. h3 Qxg3 29. hxg4 Nf2+ 30. Kg1 Nd3 31. Rc3 Rae8 32. g5 Qe5 33. Rc2 Qd4+ 34. Kh1 Kg7 35. Kh2 Rxf1 36. Qxf1 Rf8 37. Qg1 Qe5+ 38. g3 Qxg5 39. Rg2 Qh6+ 0-1

[Event "Titled Tuesday intern op 13th Feb Early"]
[Site "Chess.com INT"]
[Date "2024.02.13"]
[Round "4"]
[White "Mammadzada, Gunay Vuqar Qizi"]
[Black "Jackson, Edward"]
[Result "1-0"]
[WhiteElo "2449"]
[BlackElo "2156"]
[PlyCount "79"]
[EventDate "2024.02.13"]
[EventType "swiss (blitz)"]
[EventRounds "11"]
[EventCountry "USA"]
[SourceTitle "CB08_2024"]
[SourceDate "2024.02.21"]
[SourceVersion "1"]
[SourceVersionDate "2024.02.21"]
[SourceQuality "1"]

1. Nf3 Nf6 2. g3 e6 3. Bg2 d5 4. 0-0 Be7 5. d4 0-0 6. c4 c6 7. b3 Nbd7 8. Bb2 b6 9. Nc3 Bb7 10. Qc2 Rc8 11. e4 dxe4 12. Nxe4 Nxe4 13. Qxe4 Nf6 14. Qe2 c5 15. Rfd1 Qc7 16. Ne5 Bxg2 17. Kxg2 Rfd8 18. Rd3 cxd4 19. Bxd4 Bc5 20. Rad1 Bxd4 21. Rxd4 Rxd4 22. Rxd4 Qb7+ 23. Qf3 Qxf3+ 24. Kxf3 Kf8 25. g4 h6 26. h4 Rc5 27. Nd7+ Nxd7 28. Rxd7 a6 29. Ke4 b5 30. Kd4 Rc6 31. c5 Ke8 32. Ra7 Kf8 33. b4 g6 34. Rb7 Rc8 35. Ke5 Kg7 36. Rb6 Ra8 37. c6 a5 38. c7 Rc8 39. Kd6 axb4 40. Rb8 1-0

[Event "Wch Blitz (Women)"]
[Site "Samarkand"]
[Date "2023.12.30"]
[Round "16"]
[White "Mammadzada, Gunay Vuqar Qizi"]
[Black "Nurmanova, Alua"]
[Result "1/2-1/2"]
[WhiteElo "2449"]
[BlackElo "2326"]
[PlyCount "140"]
[EventDate "2023.12.29"]
[EventType "swiss (blitz)"]
[EventRounds "17"]
[EventCountry "UZB"]
[SourceTitle "CB01_2024"]
[SourceDate "2024.01.03"]
[SourceVersion "1"]
[SourceVersionDate "2024.01.03"]
[SourceQuality "1"]

1. e4 c5 2. Nf3 d6 3. d4 cxd4 4. Nxd4 Nf6 5. Nc3 a6 6. Be3 e5 7. Nb3 Be6 8. Qd2 Nbd7 9. 0-0-0 Rc8 10. h3 h5 11. Kb1 b5 12. f4 Qc7 13. a3 h4 14. Bd3 Be7 15. Rhg1 Nb6 16. fxe5 dxe5 17. Bxb6 Qxb6 18. Nd5 Bxd5 19. exd5 Bd6 20. Bf5 Rc4 21. g3 hxg3 22. Rxg3 g6 23. Bd3 Rf4 24. Qc3 0-0 25. Qc6 Qxc6 26. dxc6 Bc7 27. Rg2 e4 28. Be2 e3 29. Nc5 Ra8 30. Nd7 Kg7 31. Nxf6 Rxf6 32. Rd7 Rc8 33. a4 Rxc6 34. axb5 axb5 35. Bxb5 Rf6 36. Bc4 Bb6 37. b3 Bc5 38. Re2 Rf1+ 39. Kb2 Rf4 40. c3 Rf8 41. Kc2 Rh4 42. Rc7 Bd6 43. Rc6 Bf4 44. b4 Rxh3 45. b5 Rb8 46. Kb3 Rf3 47. Ra6 g5 48. Ra7 Be5 49. Rg2 Kg6 50. Bd5 Rf4 51. c4 g4 52. Ra6+ Kg5 53. Ra7 f5 54. Re7 Bf6 55. Rxe3 Rf1 56. Re6 Rb1+ 57. Ka2 Ra1+ 58. Kb3 f4 59. b6 Rb1+ 60. Kc2 R1xb6 61. Rxb6 Rxb6 62. Bf3 Rb2+ 63. Kd3 Rxg2 64. Bxg2 f3 65. Bh1 Kf4 66. Kd2 g3 67. Ke1 g2 68. Bxg2 Bh4+ 69. Kf1 fxg2+ 70. Kxg2 Ke5 1/2-1/2

[Event "Wch Rapid (Women)"]
[Site "Samarkand"]
[Date "2023.12.27"]
[Round "5"]
[White "Mammadzada, Gunay Vuqar Qizi"]
[Black "Vaishali, Ramesh Babu"]
[Result "1/2-1/2"]
[WhiteElo "2449"]
[BlackElo "2497"]
[PlyCount "137"]
[EventDate "2023.12.26"]
[EventType "swiss (rapid)"]
[EventRounds "11"]
[EventCountry "UZB"]
[SourceTitle "CB01_2024"]
[SourceDate "2024.01.03"]
[SourceVersion "1"]
[SourceVersionDate "2024.01.03"]
[SourceQuality "1"]

1. Nf3 Nf6 2. c4 e6 3. g3 d5 4. d4 Bb4+ 5. Bd2 Bd6 6. Nc3 0-0 7. Bg5 Be7 8. Bg2 dxc4 9. Ne5 h6 10. Bf4 Nd5 11. Nxc4 Nxf4 12. gxf4 c5 13. dxc5 Qc7 14. e3 Qxc5 15. Qe2 Nc6 16. 0-0 Bd7 17. Rfd1 Rad8 18. a3 a5 19. Rac1 Bc8 20. Re1 f5 21. Na4 Qb5 22. Ncb6 Qxe2 23. Rxe2 g5 24. Nxc8 Rxc8 25. Nb6 Rc7 26. fxg5 hxg5 27. Rec2 Bf6 28. Bxc6 bxc6 29. Rxc6 Rxc6 30. Rxc6 Bxb2 31. Nc4 Bc3 32. Rxe6 f4 33. Rg6+ Kh7 34. Rxg5 Be1 35. Kf1 Bc3 36. Ke2 f3+ 37. Kd3 Be1 38. Ne5 Bxf2 39. Rh5+ Kg7 40. Rh3 Bxe3 41. Rg3+ Kh7 42. Rxf3 Bc5 43. Rxf8 Bxf8 44. a4 Bd6 45. Ke4 Kg7 46. Kf5 Bb4 47. h4 Kh6 48. Kg4 Bc3 49. Nd3 Bd2 50. h5 Be3 51. Ne5 Bd2 52. Nf7+ Kg7 53. Nd6 Bb4 54. Nf5+ Kf6 55. Kf4 Bd2+ 56. Ke4 Kg5 57. h6 Kg6 58. Kd3 Bf4 59. Ne7+ Kxh6 60. Nc6 Bc7 61. Kc4 Kg7 62. Kb5 Kf6 63. Nxa5 Ke6 64. Nc4 Kd7 65. Nb6+ Bxb6 66. Kxb6 Kc8 67. a5 Kb8 68. a6 Ka8 69. a7 1/2-1/2